North and South America by Any 3 Letters Quiz Stats

 Plays Quiz Updated Aug 7, 2018

Score 0/35 Timer 02:00
4 Plays Today
Countries % Correct
Dominican Republic
97.7%
Canada
96.6%
United States of America
96.5%
Mexico
94.8%
Brazil
93.2%
Paraguay
92.5%
Uruguay
91.8%
Argentina
89.9%
Nicaragua
89.1%
Antigua and Barbuda
88.7%
Chile
88.6%
Dominica
85.1%
Cuba
84%
Panama
83.8%
Peru
82.3%
Colombia
81.5%
Guatemala
80%
Jamaica
78.6%
Countries % Correct
Suriname
77.2%
Costa Rica
76.9%
Venezuela
76.7%
Saint Kitts and Nevis
76.5%
Haiti
76.3%
Saint Vincent and the Grenadines
75.4%
Ecuador
73.5%
Honduras
73.1%
Bolivia
72.2%
Bahamas
71.1%
Guyana
70.5%
Trinidad and Tobago
70.2%
El Salvador
69.1%
Belize
68.3%
Saint Lucia
65.6%
Barbados
61.4%
Grenada
55.9%

You're not logged in!

Compare scores with friends on all Sporcle quizzes.
OR
Log In

You Might Also Like...

Show Comments

Extras

Top Quizzes Today


Score Distribution

Your Account Isn't Verified!

In order to create a playlist on Sporcle, you need to verify the email address you used during registration. Go to your Sporcle Settings to finish the process.

Report this User

Report this user for behavior that violates our Community Guidelines.

Details: